Landmarks in U.S. immigration policy /

Con éxito variable durante los últimos 50 años, las autoridades estadounidenses y mexicanas han intentado controlar el flujo de mexicanos hacia los EEUU. Casi en forma paralela a esos intentos, han ocurrido episodios de endurecimiento y distensión. Con base en las constataciones anteriores, se prese...

Полное описание

Сохранить в:
Библиографические подробности
Главный автор: Kimer, James T.
Формат: Текст
Предметы:
Метки: Добавить метку
Нет меток, Требуется 1-ая метка записи!

MARC

LEADER 00000 a a2200000 04500
001 10039
003
040
100 |a Kimer, James T.  
245 |a Landmarks in U.S. immigration policy /  |c James T. Kimer 
520 |a Con éxito variable durante los últimos 50 años, las autoridades estadounidenses y mexicanas han intentado controlar el flujo de mexicanos hacia los EEUU. Casi en forma paralela a esos intentos, han ocurrido episodios de endurecimiento y distensión. Con base en las constataciones anteriores, se presenta una cronología de los hechos más importantes que han marcado la relación entre ambos países  
650 |a RELACIONES BILATERALES  
650 |a POLITICA MIGRATORIA  
650 |a INMIGRACION ILEGAL  
650 |a ESTADOS UNIDOS  
650 |a MEXICO  
773 |g volumen 39, número 1; páginas 34-35  
999 |c 28139  |d 28139